书目信息 |
| 题名: |
山水与美学
|
|
| 作者: | 伍蠡甫 主编 | |
| 分册: | ||
| 出版信息: | 上海 上海文艺出版社 1985 |
|
| 页数: | 441页 | |
| 开本: | 20cm | |
| 丛书名: | ||
| 单 册: | ||
| 中图分类: | B83-05 | |
| 科图分类: | ||
| 主题词: | 美学--关系 | |
| 电子资源: | ||
| ISBN: | ||
| 000 | 00605nam0 2200229 45 | |
| 001 | 0185000985 | |
| 005 | 20050322170414.4 | |
| 010 | @dCNY2.30 | |
| 091 | @a10078.3544 | |
| 100 | @a19901021d1985 emky0chiy0121 ea | |
| 101 | 0 | @achi |
| 102 | @aCN@b310000 | |
| 105 | @ay z 000yy | |
| 200 | 10 | @a山水与美学@Ashan shui yu mei xue@f伍蠡甫主编@FWu Li Fu Zhu Bian |
| 210 | @a上海@c上海文艺出版社@d1985 | |
| 215 | @a441页@d20cm | |
| 606 | 0 | @a美学@x关系 |
| 690 | @aB83-05@v3 | |
| 701 | 0 | @a伍蠡甫@4主编 |
| 801 | 0 | @aCN@b深圳图书馆@c20050322 |
| 801 | 2 | @aCN@bNLC@c20050322 |
| 905 | @f1@b169531@dB83-05@e68 | |
| 山水与美学/伍蠡甫主编.-上海:上海文艺出版社,1985 |
| 441页;20cm |
| ISBN :CNY2.30 |
| ● |
| 相关链接 |
|
|
|
|
正题名:山水与美学
索取号:B83-05/68
 
预约/预借
| 序号 | 登录号 | 条形码 | 馆藏地/架位号 | 状态 | 备注 |
| 1 | 0169531 | 002020217 | 第一样本阅览室/ [索取号:B83-05/68] | 在馆 |